Using some biofertilizers in biological control / (رقم التسجيلة. 44418)
[ عرض عادي ]
| 000 -LEADER | |
|---|---|
| fixed length control field | 01781cam a2200349 a 4500 |
| 003 - CONTROL NUMBER IDENTIFIER | |
| control field | EG-GiCUC |
| 005 - DATE AND TIME OF LATEST TRANSACTION | |
| control field | 20250223030913.0 |
| 008 - FIXED-LENGTH DATA ELEMENTS--GENERAL INFORMATION | |
| fixed length control field | 131214s2013 ua d f m 000 0 eng d |
| 040 ## - CATALOGING SOURCE | |
| Original cataloging agency | EG-GiCUC |
| Language of cataloging | eng |
| Transcribing agency | EG-GiCUC |
| 041 0# - LANGUAGE CODE | |
| Language code of text/sound track or separate title | eng |
| 049 ## - LOCAL HOLDINGS (OCLC) | |
| Holding library | Deposite |
| 097 ## - Thesis Degree | |
| Thesis Level | Ph.D |
| 099 ## - LOCAL FREE-TEXT CALL NUMBER (OCLC) | |
| Classification number | Cai01.07.06.Ph.D.2013.Mo.U |
| 100 0# - MAIN ENTRY--PERSONAL NAME | |
| Personal name | Mona Mohamed Mohamed Ali |
| 245 10 - TITLE STATEMENT | |
| Title | Using some biofertilizers in biological control / |
| Statement of responsibility, etc. | Mona Mohamed Mohamed Ali ; Supervised Nadia Fahmy Amin Emam , Mohammed Zakaria Sedik , Esaad Hassan Bedaiwi |
| 246 15 - VARYING FORM OF TITLE | |
| Title proper/short title | استخدام بعض المخصبات الحيويه فى المقاومة الحيويه |
| 260 ## - PUBLICATION, DISTRIBUTION, ETC. | |
| Place of publication, distribution, etc. | Cairo : |
| Name of publisher, distributor, etc. | Mona Mohamed Mohamed Ali , |
| Date of publication, distribution, etc. | 2013 |
| 300 ## - PHYSICAL DESCRIPTION | |
| Extent | 144 P. : |
| Other physical details | charts ; |
| Dimensions | 25cm |
| 502 ## - DISSERTATION NOTE | |
| Dissertation note | Thesis (Ph.D.) - Cairo University - Faculty of Agriculture - Department of Microbiology |
| 520 ## - SUMMARY, ETC. | |
| Summary, etc. | Maize and faba bean are very important corps in Egypt and the damping off and root-rot are the most diseases that attacking these plants causing serious losses of yield and quality of these crops. The results obtained in vitro revealed that among eighty isolates of nitrogen fixing bacteria isolated from the rhizosphere and roots of maize and faba bean plants, the strain No.12 of Azospirllum lipoferum was active against the ten tested pathogenic fungi that recorded largest inhibition zone |
| 530 ## - ADDITIONAL PHYSICAL FORM AVAILABLE NOTE | |
| Additional physical form available note | Issued also as CD |
| 653 #4 - INDEX TERM--UNCONTROLLED | |
| Uncontrolled term | Biocontrol agents |
| 653 #4 - INDEX TERM--UNCONTROLLED | |
| Uncontrolled term | Nitrogen fixing bacteria |
| 653 #4 - INDEX TERM--UNCONTROLLED | |
| Uncontrolled term | Pathogenic fungi |
| 700 0# - ADDED ENTRY--PERSONAL NAME | |
| Personal name | Esaad Hassan Bedaiwi , |
| Relator term | |
| 700 0# - ADDED ENTRY--PERSONAL NAME | |
| Personal name | Mohammed Zakaria Sedik , |
| Relator term | |
| 700 0# - ADDED ENTRY--PERSONAL NAME | |
| Personal name | Nadia Fahmy Amin Emam , |
| Relator term | |
| 856 ## - ELECTRONIC LOCATION AND ACCESS | |
| Uniform Resource Identifier | <a href="http://172.23.153.220/th.pdf">http://172.23.153.220/th.pdf</a> |
| 905 ## - LOCAL DATA ELEMENT E, LDE (RLIN) | |
| Cataloger | Nazla |
| Reviser | Revisor |
| 905 ## - LOCAL DATA ELEMENT E, LDE (RLIN) | |
| Cataloger | Samia |
| Reviser | Cataloger |
| 942 ## - ADDED ENTRY ELEMENTS (KOHA) | |
| Source of classification or shelving scheme | Dewey Decimal Classification |
| Koha item type | Thesis |
| Source of classification or shelving scheme | Not for loan | Home library | Current library | Date acquired | Full call number | Barcode | Date last seen | Koha item type | Copy number |
|---|---|---|---|---|---|---|---|---|---|
| Dewey Decimal Classification | المكتبة المركزبة الجديدة - جامعة القاهرة | قاعة الرسائل الجامعية - الدور الاول | 11.02.2024 | Cai01.07.06.Ph.D.2013.Mo.U | 01010110061494000 | 22.09.2023 | Thesis | ||
| Dewey Decimal Classification | المكتبة المركزبة الجديدة - جامعة القاهرة | مخـــزن الرســائل الجـــامعية - البدروم | 11.02.2024 | Cai01.07.06.Ph.D.2013.Mo.U | 01020110061494000 | 22.09.2023 | CD - Rom | 61494.CD |